000 00793nam a2200229Ia 4500
003 GCL
008 140319s9999 xx 000 0 ara d
040 _aGCL /
_cGCL
082 0 4 _a621.381542
_bف ا
100 1 _aفاروق محمد العامرى
245 1 0 _aالاضواء المتحركة للدعاية والاعلان /
_cفاروق محمد العامرى
700 1 _aامين فهمى
250 _aالاولى
260 _aالقاهرة :
_bالدار المصرية اللبنانية ،
_c1993
300 _a167 ص ؛
_c24 سم
490 _aموسوعة العامرى للالكترونيات
_v3
650 0 4 _aالضوء
650 0 4 _aهندسة الضوء
650 0 4 _aالهندسة الالكترونية
650 0 4 _aالفيزياء
942 _2ddc
_cBK
999 _c57016
_d57016